Normal view MARC view
  • Paterno de Tortosa

Entry NOMBRE PERSONAL

Number of records used in: 1

001 - NUMERO DE CONTROL DEL REGISTRO

  • Campo de control: 407441

003 - IDENTIFICADOR DEL NÚMERO DE CONTROL

  • Campo de control: ES-SlBCS

005 - FECHA Y HORA DE LA ÚLTIMA TRANSACCIÓN

  • Campo de control: 20210327231210.0

008 - ELEMENTOS DE LONGITUD FIJA

  • Campos de control de longitud fija: 210327|| aca||aabn | a|a d

040 ## - FUENTE DE LA CATALOGACIÓN

  • Agencia que crea de manera original el registro: ES-SlBCS
  • Agencia que realiza la transcripción: ES-SlBCS

100 ## - ENCABEZAMIENTO - NOMBRE PERSONAL

  • Nombre personal: Paterno de Tortosa
  • Fechas asociadas con el nombre: , 1058-1082

670 ## - FUENTE EN LA QUE SE LOCALIZARON DATOS

  • Cita de la fuente: Work cat.: (ES-SlBCS)850483: Carriedo Tejedo, Manuel 67731, El obispo Paterno de Tortosa (1058-1082), embajador del taifa de Zaragoza en Santiago (1064) y obispo de Coimbra (1083-1088)

Bibliotecas Dominicos Provincia Hispania, 2016

Con tecnología Koha